[Event "NED-ch U13"]
[Site "Rijswijk"]
[Date "2011.06.03"]
[Round "6"]
[White "Luiten, Reinier"]
[Black "Theunissen, Ryan"]
[Result "1-0"]
[WhiteElo "1174"]
[BlackElo "685"]
[PlyCount "73"]
[EventDate "2011.06.02"]
[EventType "swiss"]
[EventRounds "9"]
[EventCountry "NED"]
[SourceTitle "EXT 2012"]
[Source "ChessBase"]
[SourceDate "2011.11.24"]
[SourceVersion "1"]
[SourceVersionDate "2011.11.24"]
[SourceQuality "1"]

1. d4 d5 2. c4 Nf6 3. Nc3 c6 4. Bf4 Bf5 5. e3 e6 6. Nf3 Bd6 7. Bg5 h6 8. Bh4 g5 9. Bg3 Bxg3 10. fxg3 dxc4 11. Bxc4 Ng4 12. Qe2 Qa5 13. h3 Nf6 14. 0-0 0-0 15. g4 Be4 16. Nd2 Bd5 17. Rxf6 Bxc4 18. Nxc4 Kg7 19. Nxa5 Kxf6 20. Qf3+ Kg7 21. Nxb7 Nd7 22. Nc5 Nxc5 23. dxc5 Rad8 24. Ne4 f6 25. Rd1 Rb8 26. b3 Rb4 27. Nd6 e5 28. Qxc6 a5 29. Qd7+ Kg6 30. Nf5 Rf7 31. Qe8 Rbb7 32. c6 Rbc7 33. Rd7 Rcxd7 34. cxd7 e4 35. d8Q a4 36. Qg8+ Rg7 37. Qxg7# 1-0

[Event "NED-ch U13"]
[Site "Rijswijk"]
[Date "2011.06.02"]
[Round "1"]
[White "Theunissen, Ryan"]
[Black "Halfhide, Sebastian"]
[Result "0-1"]
[WhiteElo "685"]
[BlackElo "1119"]
[PlyCount "102"]
[EventDate "2011.06.02"]
[EventType "swiss"]
[EventRounds "9"]
[EventCountry "NED"]
[SourceTitle "EXT 2012"]
[Source "ChessBase"]
[SourceDate "2011.11.24"]
[SourceVersion "1"]
[SourceVersionDate "2011.11.24"]
[SourceQuality "1"]

1. e4 c5 2. Nf3 Nc6 3. Bb5 e6 4. Nc3 a6 5. Bxc6 bxc6 6. d3 d5 7. e5 d4 8. Ne4 Be7 9. 0-0 Nh6 10. Bxh6 gxh6 11. a4 a5 12. b3 Rg8 13. Qd2 Rg6 14. g3 h5 15. c3 h4 16. c4 hxg3 17. fxg3 h5 18. h4 Bb7 19. Neg5 Qc7 20. Qf4 Bxg5 21. hxg5 0-0-0 22. Nh4 Rg7 23. Qf6 Rdg8 24. Rf4 Rxg5 25. Kf2 Qxe5 26. Qxe5 Rxe5 27. Rxf7 Re3 28. Rd1 Rgxg3 29. Rf8+ Kc7 30. Rf7+ Kb6 31. b4 cxb4 32. c5+ Ka6 33. Nf3 h4 34. Nd2 Rxd3 35. Ne4 Rxd1 36. Nxg3 hxg3+ 37. Kxg3 b3 38. Rf2 e5 39. Kf3 Re1 40. Rb2 Re3+ 41. Kf2 Bc8 42. Rb1 Bf5 43. Rg1 b2 44. Rb1 Bxb1 45. Kg2 Be4+ 46. Kf2 Rf3+ 47. Ke2 b1Q 48. Kd2 Qc2+ 49. Ke1 Re3+ 50. Kf1 Bd3+ 51. Kg1 Re1# 0-1